[Event "Osijek op 12th"]
[Site "Osijek"]
[Date "2019.02.23"]
[Round "5.18"]
[White "Maroslavac, Ivana"]
[Black "Cubelic, Milan"]
[Result "0-1"]
[WhiteElo "1753"]
[BlackElo "2092"]
[PlyCount "76"]
[EventDate "2019.02.21"]
[EventType "swiss"]
[EventRounds "7"]
[EventCountry "CRO"]
[SourceTitle "EXT 2023"]
[Source "ChessBase"]
[SourceDate "2022.10.05"]
[SourceVersion "1"]
[SourceVersionDate "2022.10.05"]
[SourceQuality "1"]

1. e4 c6 2. d4 d6 3. Nf3 g6 4. h3 Bg7 5. c3 Nf6 6. Bd3 0-0 7. 0-0 Nbd7 8. Be3 h6 9. Re1 Qc7 10. a4 e5 11. Nbd2 Re8 12. Rc1 Nf8 13. Nc4 g5 14. dxe5 dxe5 15. Qe2 Ng6 16. Bc2 g4 17. hxg4 Bxg4 18. Ncd2 Nh5 19. Qf1 Kh7 20. Nh2 Be6 21. g3 Rg8 22. Bd1 Nf6 23. Bf3 Rad8 24. Qe2 Qc8 25. Rcd1 Bf8 26. Kh1 b6 27. Rg1 c5 28. c4 Ne7 29. Bg2 Nc6 30. Ndf3 Rxd1 31. Rxd1 Ng4 32. Bd2 Nd4 33. Nxd4 cxd4 34. b3 Bc5 35. Nxg4 Bxg4 36. Bf3 d3 37. Qxd3 Bxf3+ 38. Qxf3 Qh3+ 0-1

[Event "Osijek op 12th"]
[Site "Osijek"]
[Date "2019.02.21"]
[Round "1.6"]
[White "Maroslavac, Ivana"]
[Black "Jusup, Matej"]
[Result "0-1"]
[WhiteElo "1753"]
[BlackElo "2236"]
[PlyCount "108"]
[EventDate "2019.02.21"]
[EventType "swiss"]
[EventRounds "7"]
[EventCountry "CRO"]
[SourceTitle "EXT 2023"]
[Source "ChessBase"]
[SourceDate "2022.10.05"]
[SourceVersion "1"]
[SourceVersionDate "2022.10.05"]
[SourceQuality "1"]

1. e4 e5 2. Nf3 Nf6 3. Nxe5 d6 4. Nf3 Nxe4 5. d4 d5 6. Bd3 Nc6 7. h3 Be7 8. 0-0 0-0 9. Nbd2 Nxd2 10. Bxd2 Nb4 11. Bxb4 Bxb4 12. c3 Bd6 13. Qc2 g6 14. Rfe1 Qf6 15. Qe2 Be6 16. Ne5 Rae8 17. Ng4 Qg5 18. Qf3 Re7 19. Re2 Kg7 20. Rae1 Rfe8 21. Ne5 f6 22. Ng4 h5 23. Ne3 Bf7 24. Nf1 Rxe2 25. Rxe2 Rxe2 26. Qxe2 h4 27. Qe3 Bf4 28. Qe2 b6 29. b3 f5 30. Nh2 Bd6 31. Nf3 Qc1+ 32. Qe1 Qxe1+ 33. Nxe1 Ba3 34. Nf3 Bb2 35. c4 Kf6 36. cxd5 Bxd5 37. Nxh4 Bxd4 38. g3 a5 39. Ng2 a4 40. Bc2 c5 41. Nf4 Bf7 42. Ne2 Bb2 43. Kf1 a3 44. Ke1 c4 45. bxc4 Bxc4 46. Bb1 b5 47. Kd2 b4 48. Nc1 Bxc1+ 49. Kxc1 g5 50. Kc2 f4 51. gxf4 gxf4 52. Kc1 Kg5 53. Kc2 Kh4 54. Kc1 Kxh3 0-1

[Event "Bosnjaci op 24th"]
[Site "Bosnjaci"]
[Date "2019.01.09"]
[Round "9"]
[White "Maroslavac, Ivana"]
[Black "Turicar, Goran"]
[Result "0-1"]
[WhiteElo "1637"]
[BlackElo "1862"]
[PlyCount "128"]
[EventDate "2019.01.03"]
[EventType "swiss"]
[EventRounds "9"]
[EventCountry "CRO"]
[SourceTitle "CBM 188 Extra"]
[Source "ChessBase"]
[SourceDate "2019.02.26"]
[SourceVersion "1"]
[SourceVersionDate "2019.02.26"]
[SourceQuality "1"]

1. e4 c5 2. Nf3 e6 3. d4 cxd4 4. Nxd4 a6 5. g3 Nf6 6. Bg2 Qc7 7. 0-0 Nc6 8. Be3 Be7 9. Nc3 0-0 10. Qe2 d6 11. Rad1 Bd7 12. f4 Nxd4 13. Bxd4 e5 14. fxe5 dxe5 15. Be3 Rac8 16. Rfe1 Be6 17. Nd5 Bxd5 18. exd5 Bd6 19. c3 b5 20. Rc1 e4 21. Bf2 Nxd5 22. Qxe4 Nf6 23. Qb7 Qa5 24. Qb6 Qxb6 25. Bxb6 Bc5+ 26. Bxc5 Rxc5 27. Rcd1 a5 28. Rd4 g6 29. a4 bxa4 30. Rxa4 Rb8 31. Re2 Nd7 32. Rae4 Kg7 33. Bh3 Nf6 34. Rd4 Rb7 35. Bg2 Rbc7 36. Ra4 h5 37. Re3 Ng4 38. Rd3 Re7 39. Re4 Rec7 40. h3 Ne5 41. Rdd4 f6 42. Re2 Rb5 43. Rd5 Rcc5 44. Rxc5 Rxc5 45. Bf1 Kh6 46. Re3 Rd5 47. Kf2 g5 48. Bg2 Rb5 49. b4 axb4 50. cxb4 Rxb4 51. Re4 Rb2+ 52. Re2 Nd3+ 53. Ke3 Rb3 54. Kd2 Ne5 55. g4 hxg4 56. hxg4 Rb2+ 57. Ke3 Nxg4+ 58. Kf3 Rxe2 59. Kxe2 f5 60. Bh3 Kh5 61. Kf3 Ne5+ 62. Kg3 f4+ 63. Kf2 Kh4 64. Bc8 g4 0-1

[Event "Valpovo op (Women) 20th"]
[Site "Valpovo"]
[Date "2017.12.08"]
[Round "1.1"]
[White "Maroslavac, Ivana"]
[Black "Ivekovic, Tihana"]
[Result "0-1"]
[WhiteElo "1687"]
[BlackElo "2142"]
[PlyCount "58"]
[EventDate "2017.12.08"]
[EventType "swiss (rapid)"]
[EventRounds "7"]
[EventCountry "CRO"]
[SourceTitle "EXT 2023"]
[Source "ChessBase"]
[SourceDate "2022.10.05"]
[SourceVersion "1"]
[SourceVersionDate "2022.10.05"]
[SourceQuality "1"]

1. e4 c5 2. Nf3 e6 3. d4 cxd4 4. Nxd4 a6 5. g3 g6 6. Bg2 Bg7 7. 0-0 Ne7 8. Nc3 0-0 9. Be3 Qc7 10. Qd2 Nbc6 11. Nb3 Ne5 12. Bf4 d6 13. Rab1 b5 14. Rfd1 Rd8 15. Qe2 Bb7 16. Nd4 Rac8 17. Rdc1 Nc4 18. Be3 Nxb2 19. Rxb2 Qxc3 20. Rb3 Qc7 21. Qd2 e5 22. Ne2 d5 23. Rc3 Qb8 24. Rxc8 Qxc8 25. exd5 Nxd5 26. Rd1 Rd7 27. Bxd5 Rxd5 28. Qc1 Rxd1+ 29. Qxd1 Qc6 0-1

[Event "CRO-ch U17 Girls"]
[Site "Vinkovci"]
[Date "2017.07.25"]
[Round "3"]
[White "Smetisko, Marija"]
[Black "Maroslavac, Ivana"]
[Result "1/2-1/2"]
[WhiteElo "1845"]
[BlackElo "1729"]
[PlyCount "122"]
[EventDate "2017.07.24"]
[EventType "swiss"]
[EventRounds "9"]
[EventCountry "CRO"]
[SourceTitle "EXT 2018"]
[Source "ChessBase"]
[SourceDate "2017.10.13"]
[SourceVersion "1"]
[SourceVersionDate "2017.10.13"]
[SourceQuality "1"]

1. e4 g6 2. d4 Bg7 3. Nf3 d6 4. Bc4 Nf6 5. Nc3 0-0 6. h3 Nxe4 7. Bxf7+ Rxf7 8. Nxe4 Nc6 9. c3 e5 10. dxe5 Nxe5 11. Nxe5 Bxe5 12. Ng5 Rf8 13. Qd5+ Kg7 14. 0-0 Rf5 15. Qe4 Rf8 16. Bd2 Rb8 17. Rae1 Bf5 18. Qxf5 Rxf5 19. Ne6+ Kf7 20. Nxd8+ Rxd8 21. Be3 Bf6 22. a3 a6 23. f4 Bh4 24. Re2 Rf6 25. Rf3 Re6 26. g3 Bf6 27. Ref2 Rde8 28. Bd2 Re2 29. Kf1 Rxf2+ 30. Kxf2 c6 31. Rd3 d5 32. Kf3 Re4 33. h4 Re8 34. Re3 Rxe3+ 35. Bxe3 Ke6 36. Bc5 Kf5 37. g4+ Ke6 38. h5 gxh5 39. f5+ Kf7 40. gxh5 Bg5 41. b4 b5 42. Kg4 Bc1 43. Bd4 h6 44. Kf3 Bg5 45. Be5 Ke7 46. Kg4 Bc1 47. Bg7 Kf7 48. Bd4 Bg5 49. Bb6 Bf6 50. Bd4 Bg5 51. Kf3 Ke7 52. Kg4 Kf7 53. Bb6 Bd2 54. Bd4 Bg5 55. Bf2 Bd2 56. Bd4 Bg5 57. Kf3 Ke7 58. Be5 Kf7 59. Kg4 Bd2 60. Bd4 Bg5 61. Bc5 Bd2 1/2-1/2

[Event "CRO-ch U17 Girls"]
[Site "Vinkovci"]
[Date "2017.07.24"]
[Round "1"]
[White "Maroslavac, Ivana"]
[Black "Cvitan, Ena"]
[Result "0-1"]
[WhiteElo "1729"]
[BlackElo "2240"]
[PlyCount "46"]
[EventDate "2017.07.24"]
[EventType "swiss"]
[EventRounds "9"]
[EventCountry "CRO"]
[SourceTitle "EXT 2018"]
[Source "ChessBase"]
[SourceDate "2017.10.13"]
[SourceVersion "1"]
[SourceVersionDate "2017.10.13"]
[SourceQuality "1"]

1. e4 c6 2. d4 d5 3. Nc3 g6 4. e5 f6 5. Bf4 Bg7 6. h3 fxe5 7. Bxe5 Nf6 8. Bd3 Nbd7 9. Bf4 0-0 10. Qd2 Qb6 11. Nf3 Nh5 12. Be3 Qxb2 13. Rb1 Qa3 14. 0-0 Qd6 15. Ne2 e5 16. dxe5 Nxe5 17. Nxe5 Bxe5 18. Nd4 b6 19. Nf3 Rxf3 20. gxf3 Bxh3 21. Rfe1 Qf6 22. Qe2 Bd6 23. Bc1 Nf4 0-1

[Event "Valpovo op (Women) 19th"]
[Site "Valpovo"]
[Date "2016.12.10"]
[Round "3"]
[White "Vukajlovic, Zorana"]
[Black "Maroslavac, Ivana"]
[Result "1-0"]
[WhiteElo "1709"]
[BlackElo "1676"]
[PlyCount "43"]
[EventDate "2016.12.09"]
[EventType "swiss (rapid)"]
[EventRounds "7"]
[EventCountry "CRO"]
[SourceTitle "EXT 2019"]
[Source "ChessBase"]
[SourceDate "2018.10.10"]
[SourceVersion "1"]
[SourceVersionDate "2018.10.10"]
[SourceQuality "1"]

1. e4 g6 2. d4 Bg7 3. Nf3 d6 4. Nc3 Nf6 5. h3 0-0 6. Be3 Nc6 7. Bc4 Nxe4 8. Nxe4 d5 9. Bd3 dxe4 10. Bxe4 Qd6 11. c3 Be6 12. d5 Bxd5 13. Qxd5 Rad8 14. Rd1 Qf6 15. Qb3 Rxd1+ 16. Qxd1 Qe6 17. Qd5 Qd6 18. 0-0 Rd8 19. Rd1 Qe6 20. Qxd8+ Nxd8 21. Rxd8+ Bf8 22. Bh6 1-0

[Event "Valpovo op (Women) 19th"]
[Site "Valpovo"]
[Date "2016.12.09"]
[Round "2"]
[White "Maroslavac, Ivana"]
[Black "Smetisko, Marija"]
[Result "0-1"]
[WhiteElo "1676"]
[BlackElo "1891"]
[PlyCount "82"]
[EventDate "2016.12.09"]
[EventType "swiss (rapid)"]
[EventRounds "7"]
[EventCountry "CRO"]
[SourceTitle "EXT 2019"]
[Source "ChessBase"]
[SourceDate "2018.10.10"]
[SourceVersion "1"]
[SourceVersionDate "2018.10.10"]
[SourceQuality "1"]

1. e4 e5 2. Nf3 d6 3. d4 Nd7 4. Nc3 c6 5. Bc4 Be7 6. 0-0 Ngf6 7. h3 Qc7 8. Be3 0-0 9. Re1 Re8 10. Bd3 Bf8 11. Qd2 b6 12. Ne2 exd4 13. Nexd4 Nxe4 14. Bxe4 Rxe4 15. Rad1 d5 16. Qd3 Bb7 17. Ng5 Nc5 18. Qe2 Ree8 19. Qh5 h6 20. Ngf3 Ne6 21. Qg4 Nxd4 22. Bxd4 c5 23. Be5 Qc8 24. Qg3 Qf5 25. c3 Re6 26. Nh4 Qg5 27. Qxg5 hxg5 28. Nf3 Rae8 29. Kf1 f6 30. Bg3 Kf7 31. Rxe6 Rxe6 32. Re1 Ba6+ 33. Kg1 Be2 34. Nd2 d4 35. cxd4 cxd4 36. Rc1 Bb4 37. Nb3 d3 38. Rc7+ Re7 39. Rxe7+ Kxe7 40. Bb8 a5 41. a4 Bd1 0-1

[Event "CRO-chT (Women)"]
[Site "Sibenik"]
[Date "2016.10.09"]
[Round "2.3"]
[White "Maroslavac, Ivana"]
[Black "Saric, Kristina"]
[Result "0-1"]
[WhiteElo "1670"]
[BlackElo "2200"]
[PlyCount "44"]
[EventDate "2016.10.08"]
[EventType "team-tourn"]
[EventRounds "9"]
[EventCountry "CRO"]
[SourceTitle "EXT 2017"]
[Source "ChessBase"]
[SourceDate "2016.10.25"]
[SourceVersion "1"]
[SourceVersionDate "2016.10.25"]
[SourceQuality "1"]
[WhiteTeam "Vinkovci (W)"]
[BlackTeam "Split Mornar (W)"]
[WhiteTeamCountry "CRO"]
[BlackTeamCountry "CRO"]

1. e4 c5 2. Nf3 Nc6 3. d4 cxd4 4. Nxd4 Qb6 5. Nb3 Nf6 6. Nc3 e6 7. Be2 Bb4 8. Bd3 d5 9. 0-0 Bxc3 10. bxc3 dxe4 11. Be2 0-0 12. Be3 Qc7 13. Qe1 b6 14. Bb5 Bb7 15. Nd2 Ne5 16. Bd4 Neg4 17. g3 e5 18. Be3 Nd5 19. Nb1 Ndxe3 20. fxe3 Qc5 21. a4 Nxe3 22. Qf2 Nxf1 0-1

[Event "CRO-ch U17 Girls"]
[Site "Vinkovci"]
[Date "2016.07.31"]
[Round "9"]
[White "Basrak, Tea"]
[Black "Maroslavac, Ivana"]
[Result "1/2-1/2"]
[WhiteElo "1553"]
[BlackElo "1783"]
[PlyCount "36"]
[EventDate "2016.07.25"]
[EventType "swiss"]
[EventRounds "9"]
[EventCountry "CRO"]
[SourceTitle "CBM 173 Extra"]
[Source "ChessBase"]
[SourceDate "2016.08.29"]
[SourceVersion "1"]
[SourceVersionDate "2016.08.29"]
[SourceQuality "1"]

1. e4 g6 2. Nc3 Bg7 3. Nf3 d6 4. g3 e5 5. Bg2 Nf6 6. d3 0-0 7. 0-0 Re8 8. Nh4 c6 9. f4 h6 10. Nf3 Bg4 11. h3 Bxf3 12. Qxf3 Nbd7 13. h4 Nh7 14. Bh3 Rf8 15. Be3 Nb6 16. Bg2 Nd7 17. Bh3 Nb6 18. Bg2 Nd7 1/2-1/2

[Event "CRO-ch U17 Girls"]
[Site "Vinkovci"]
[Date "2016.07.27"]
[Round "4"]
[White "Maroslavac, Ivana"]
[Black "Kupek, Lorena"]
[Result "1/2-1/2"]
[WhiteElo "1783"]
[BlackElo "1479"]
[PlyCount "87"]
[EventDate "2016.07.25"]
[EventType "swiss"]
[EventRounds "9"]
[EventCountry "CRO"]
[SourceTitle "CBM 173 Extra"]
[Source "ChessBase"]
[SourceDate "2016.08.29"]
[SourceVersion "1"]
[SourceVersionDate "2016.08.29"]
[SourceQuality "1"]

1. e4 c5 2. Nf3 d6 3. d4 cxd4 4. Nxd4 Nf6 5. Nc3 a6 6. g3 e6 7. Bg2 Be7 8. 0-0 0-0 9. Be3 Nbd7 10. f4 e5 11. Nf5 exf4 12. Bxf4 Ne5 13. Bxe5 dxe5 14. Qxd8 Bxd8 15. Nd5 Nxd5 16. exd5 Bb6+ 17. Kh1 Rd8 18. b4 Bxf5 19. Rxf5 Bd4 20. Rd1 Rac8 21. Rd2 Rc3 22. Rf3 Rd6 23. Rxc3 Bxc3 24. Re2 Rb6 25. Re3 Bd4 26. Rb3 f5 27. c4 e4 28. c5 Rf6 29. Rb1 Kf8 30. Rd1 e3 31. Bf3 Bc3 32. a3 Bd2 33. Kg2 Ke8 34. Kf1 Kd8 35. Ke2 g5 36. Rf1 f4 37. Be4 h6 38. gxf4 Rxf4 39. Rxf4 gxf4 40. Kd1 Bc3 41. Bf3 Bb2 42. Kc2 Bxa3 43. Kb3 Bc1 44. Ka4 1/2-1/2

[Event "Bosnjaci op 21st"]
[Site "Bosnjaci"]
[Date "2016.01.08"]
[Round "8"]
[White "Maroslavac, Ivana"]
[Black "Rendulic, Dragan"]
[Result "1-0"]
[WhiteElo "1695"]
[BlackElo "1634"]
[PlyCount "67"]
[EventDate "2016.01.03"]
[EventType "swiss"]
[EventRounds "9"]
[EventCountry "CRO"]
[SourceTitle "CBM 170 Extra"]
[Source "ChessBase"]
[SourceDate "2016.02.25"]
[SourceVersion "1"]
[SourceVersionDate "2016.02.25"]
[SourceQuality "1"]

1. e4 c5 2. Nf3 d6 3. d4 cxd4 4. Nxd4 Nf6 5. Nc3 a6 6. g3 Nc6 7. Bg2 e5 8. Nde2 Be7 9. 0-0 Be6 10. Nd5 0-0 11. f4 Bxd5 12. exd5 Qb6+ 13. Kh1 Nb8 14. a4 a5 15. Nc3 Na6 16. Qe2 Nd7 17. Nb5 Nac5 18. Be3 Qd8 19. fxe5 Nxe5 20. Bxc5 dxc5 21. Qxe5 Bf6 22. Qf4 Bxb2 23. Rab1 Bf6 24. d6 Qd7 25. Nc7 Rad8 26. Rfd1 Bd4 27. Nb5 f6 28. Nxd4 cxd4 29. Qxd4 Rfe8 30. Rxb7 Qf5 31. Qd5+ Qxd5 32. Bxd5+ Kh8 33. Re7 Rf8 34. d7 1-0

[Event "Bosnjaci op 21st"]
[Site "Bosnjaci"]
[Date "2016.01.04"]
[Round "3"]
[White "Ikica, Ante"]
[Black "Maroslavac, Ivana"]
[Result "1-0"]
[WhiteElo "1949"]
[BlackElo "1695"]
[PlyCount "47"]
[EventDate "2016.01.03"]
[EventType "swiss"]
[EventRounds "9"]
[EventCountry "CRO"]
[SourceTitle "CBM 170 Extra"]
[Source "ChessBase"]
[SourceDate "2016.02.25"]
[SourceVersion "1"]
[SourceVersionDate "2016.02.25"]
[SourceQuality "1"]

1. e4 d6 2. c3 g6 3. d4 Bg7 4. h3 a6 5. Be3 b5 6. a4 bxa4 7. Qxa4+ Nd7 8. Nf3 Ngf6 9. Nbd2 0-0 10. Be2 Bb7 11. Qc2 c5 12. 0-0 cxd4 13. Nxd4 Nc5 14. Bf3 e5 15. Ne2 Qc7 16. c4 Rac8 17. Rfc1 Ncd7 18. Nc3 Nb6 19. Qb3 Nxc4 20. Nxc4 Qxc4 21. Qxb7 Ra8 22. Be2 Rab8 23. Qxb8 Rxb8 24. Bxc4 1-0

[Event "Bosnjaci op 21st"]
[Site "Bosnjaci"]
[Date "2016.01.03"]
[Round "1"]
[White "Tomerlin, Sinisa"]
[Black "Maroslavac, Ivana"]
[Result "1-0"]
[WhiteElo "2231"]
[BlackElo "1695"]
[PlyCount "41"]
[EventDate "2016.01.03"]
[EventType "swiss"]
[EventRounds "9"]
[EventCountry "CRO"]
[SourceTitle "CBM 170 Extra"]
[Source "ChessBase"]
[SourceDate "2016.02.25"]
[SourceVersion "1"]
[SourceVersionDate "2016.02.25"]
[SourceQuality "1"]

1. Nf3 d6 2. e4 g6 3. d4 Bg7 4. h3 a6 5. Bd3 b5 6. 0-0 Bb7 7. Re1 Nf6 8. a4 b4 9. Nbd2 0-0 10. Nb3 Nbd7 11. Na5 Qc8 12. Bg5 Re8 13. Qe2 h6 14. Bd2 c5 15. Nxb7 Qxb7 16. e5 dxe5 17. dxe5 Nd5 18. e6 N7f6 19. exf7+ Kxf7 20. Qe6+ Kf8 21. Ne5 1-0

[Event "EU-ch U14 Girls 25th"]
[Site "Porec"]
[Date "2015.09.28"]
[Round "7"]
[White "Maroslavac, Ivana"]
[Black "Dasic, Jelena"]
[Result "0-1"]
[WhiteElo "1606"]
[BlackElo "1777"]
[PlyCount "100"]
[EventDate "2015.09.21"]
[EventType "swiss"]
[EventRounds "9"]
[EventCountry "CRO"]
[SourceTitle "EXT 2016"]
[Source "ChessBase"]
[SourceDate "2015.10.08"]
[SourceVersion "1"]
[SourceVersionDate "2015.10.08"]
[SourceQuality "1"]

1. e4 c5 2. Nf3 e6 3. d4 cxd4 4. Nxd4 a6 5. Nc3 Qc7 6. g3 b5 7. Bg2 Bb7 8. 0-0 Nf6 9. Re1 d6 10. Bg5 Be7 11. Bxf6 Bxf6 12. Ndxb5 axb5 13. Nxb5 Qd7 14. Nxd6+ Kf8 15. Nxb7 Bxb2 16. Qxd7 Nxd7 17. Rad1 Ke7 18. a4 Rhc8 19. Nd6 Rxc2 20. Nf5+ Kd8 21. Nd4 Rc4 22. e5 Raxa4 23. Nc6+ Kc7 24. Re2 Bc3 25. Rc1 Ra1 26. Rec2 Rxc1+ 27. Rxc1 Nb6 28. Kf1 Bxe5 29. Rxc4 Nxc4 30. Nxe5 Nxe5 31. Ke2 Kd6 32. f4 Ng4 33. h3 Nf6 34. Kd3 Nh5 35. Ke3 Nxg3 36. Kf3 Nf5 37. Ke4 Kc5 38. Kd3 Nh4 39. Bb7 Ng6 40. Ke3 f6 41. Be4 e5 42. Bxg6 hxg6 43. fxe5 fxe5 44. Ke4 Kd6 45. h4 Ke6 46. Ke3 Kf5 47. Kf3 e4+ 48. Ke3 Ke5 49. Ke2 Kf4 50. Kf2 Kg4 0-1

[Event "EU-ch U14 Girls 25th"]
[Site "Porec"]
[Date "2015.09.27"]
[Round "6"]
[White "Mocanu, Valeria"]
[Black "Maroslavac, Ivana"]
[Result "1/2-1/2"]
[WhiteElo "1702"]
[BlackElo "1606"]
[PlyCount "101"]
[EventDate "2015.09.21"]
[EventType "swiss"]
[EventRounds "9"]
[EventCountry "CRO"]
[SourceTitle "EXT 2016"]
[Source "ChessBase"]
[SourceDate "2015.10.08"]
[SourceVersion "1"]
[SourceVersionDate "2015.10.08"]
[SourceQuality "1"]

1. e4 d6 2. d4 g6 3. Nc3 Bg7 4. Be3 a6 5. a4 Nf6 6. h3 0-0 7. Nge2 e6 8. Qd2 b6 9. g4 Bb7 10. Bg2 d5 11. Ng3 Qe7 12. 0-0 Rd8 13. e5 Nfd7 14. Nce2 c5 15. c3 Nc6 16. f4 f6 17. exf6 Nxf6 18. Qc2 Rac8 19. Rae1 Qd6 20. Qd2 Na5 21. Bf2 Nc4 22. Qc2 cxd4 23. Nxd4 e5 24. fxe5 Nxe5 25. Nf3 Nxf3+ 26. Bxf3 Re8 27. Qb3 Rxe1 28. Rxe1 Nd7 29. Rd1 Nc5 30. Qa2 Rd8 31. b4 Ne6 32. Qb3 b5 33. axb5 axb5 34. Be2 Bc6 35. Ne4 Qe5 36. Nc5 Qxe2 37. Re1 Nxc5 38. Qa3 Qf3 39. Re3 Qd1+ 40. Re1 Qb3 41. Qa5 Nb7 42. Qc7 Qxc3 43. Re7 Qf6 44. h4 h6 45. Bg3 Rf8 46. Kh2 d4 47. g5 hxg5 48. hxg5 Qxe7 49. Qxe7 Re8 50. Qc7 d3 51. Qxc6 1/2-1/2